Normal view
MARC view
Entry Personal Name
001 - CONTROL NUMBER
- control field: 42681
003 - CONTROL NUMBER IDENTIFIER
- control field: dpl
005 - DATE AND TIME OF LATEST TRANSACTION
- control field: 20120221124111.0
008 - FIXED-LENGTH DATA ELEMENTS
- fixed length control field: 120221|||a|||||| | ||| d
040 ## - CATALOGING SOURCE
- Original cataloging agency: dpl
- Transcribing agency: dpl
100 ## - HEADING--PERSONAL NAME
- Personal name: Dalrymple, William
670 ## - SOURCE DATA FOUND
- Source citation: Work cat.: (dpl)28676: Dalrymple, William, In Xanadu :, 2004
670 ## - SOURCE DATA FOUND
- Source citation: Work cat.: (dpl)28676: Dalrymple, William, In Xanadu :, 2004
